| 000 | 00000nam 2200000za 4500 |
| 001 | 9.802823 |
| 003 | CaOODSP |
| 005 | 20250128101717 |
| 007 | cr ||||||||||| |
| 008 | 150407s2014 onc|||||o f|0| 0 fre d |
| 040 | |aCaOODSP|bfre |
| 043 | |an-cn--- |
| 086 | 1 |aSF31-119/2014F-PDF |
| 100 | 1 |aFraser, Graham, |d1946- |
| 245 | 10|aAgir maintenant pour l'avenir des communautés francophones |h[ressource électronique] : |bpallier au déséquilibre en immigration / |c[par] Graham Fraser et François Boileau. |
| 260 | |aOttawa : |bCommissariat aux langues officielles, |c2014. |
| 300 | |a37 p. : |bill. |
| 500 | |a« Novembre 2014 ». |
| 500 | |aPublié aussi en anglais sous le titre : Time to act for the future of Francophone communities - redressing the immigration imbalance. |
| 504 | |aComprend des références bibliographiques. |
| 692 | 07|2gccst|aFrancophonie |
| 692 | 07|2gccst|aImmigrant |
| 692 | 07|2gccst|aFrançais |
| 700 | 1 |aBoileau, François. |
| 710 | 1 |aCanada. |bBureau du Commissaire aux langues officielles. |
| 710 | 1 |aOntario.|bCommissariat aux services en français. |
| 775 | 08|tTime to act for the future of francophone communities |w(CaOODSP)9.802816 |
| 776 | 0#|tAgir maintenant pour l'avenir des communautés francophones : |w(CaOODSP)9.677904 |
| 856 | 40|qPDF|s2.06 Mo|uhttps://publications.gc.ca/collections/collection_2015/clo-ocol/SF31-119-2014-fra.pdf |